Colourful books - Statistics

General Stats
  • This quiz has been taken 37 times
    30 since last reset
  • The average score is 38 of 40
Answer Stats
Author Hint Answer % Correct
Anna Sewell ? Beauty Black
100%
P.D. James The ? Tower Black
100%
Georgette Heyer ? Sheep Black
100%
Edgar Allan Poe The ? Cat Black
100%
Winston Graham The ? Moon Black
100%
Ian Fleming ?finger Gold
100%
Philip Pullman The ?en Compass Gold
100%
Donna Tartt The ?finch Gold
100%
Chris Cleave ? Gold
100%
Apollonius of Rhodes Jason and the ?en Fleece Gold
100%
Ian Fleming The Man with the ?en Gun Gold
100%
Dr. Seuss ? Eggs and Ham Green
100%
L.M. Montgomery Anne of ? Gables Green
100%
Stephen King The ? Mile Green
100%
Oscar Wilde The Picture of Dorian ? Grey
100%
E.L. James Fifty Shades of ? Grey
100%
Anne Bronte Agnes ? Grey
100%
Anthony Burgess A Clockwork ? Orange
100%
Joanne Harris Five Quarters of the ? Orange
100%
Alice Walker The Color ? Purple
100%
John Steinbeck The ? Pony Red
100%
Sir Arthur Conan Doyle The ? Headed League Red
100%
James Patterson Roses are ? Red
100%
Byron Barton The Little ? Hen Red
100%
Louis de Bernieres ? Dog Red
100%
Jacob Grimm Little ? Riding Hood Red
100%
Jack London ? Fang White
100%
Wilkie Collins The Woman in ? White
100%
Jacob Grimm Snow ? White
100%
Laila Ibrahim The ? Crocus Yellow
96%
The Beatles ? Submarine Yellow
96%
Agatha Christie The Mystery of the ? Train Blue
88%
Roald Dahl James and the Giant ? Peach
88%
Baroness Orczy The ? Pimpernel Scarlet
88%
Sir Arthur Conan Doyle A Study in ? Scarlet
88%
Charles M. Schulz It's a Great Pumpkin, Charlie ? Brown
81%
Umberto Eco The Name of the ? Rose
81%
Hannah Green I Never Promised you a ? Garden Rose
81%
C.S. Lewis The ? Chair Silver
73%
Philip Pullman The ? Spyglass Amber
46%
No matching quizzes found
Score Distribution
Percent of People with Each Score
Percentile by Number Answered
Your Score History
You have not taken this quiz since the last reset